2020 Democratic Primary Candidates - Statistics

General Stats
  • This quiz has been taken 117 times
  • The average score is 4 of 7
Answer Stats
State Answer % Correct
CA Kamala Harris
91%
MA Elizabeth Warren
88%
HI Tulsi Gabbard
70%
NY Kirsten Gillibrand
61%
MD John Delaney
47%
TX Julian Castro
46%
WV Richard Ojeda
37%
No matching quizzes found
Score Distribution
Percent of People with Each Score
Percentile by Number Answered
Your Score History
You have not taken this quiz